Country Shapes Quiz #1 - Statistics

General Stats
  • This quiz has been taken 13 times
  • The average score is 16 of 20
Answer Stats
Picture Answer % Correct
Australia
100%
Canada
100%
Italy
100%
Mexico
100%
United States
100%
Brazil
89%
China
89%
France
89%
India
89%
Russia
89%
United Kingdom
89%
Argentina
78%
Egypt
78%
Japan
78%
Spain
78%
Germany
67%
Portugal
67%
Iceland
56%
Ireland
44%
Sweden
44%
No matching quizzes found
Score Distribution
Percent of People with Each Score
Percentile by Number Answered
Your Score History
You have not taken this quiz